Advanced steel design of structures /

Bibliographic Details
Main Author: Chandrasekaran, Srinivasan (Author)
Corporate Author: EBSCOhost
Format: eBook
Language:English
Published: Boca Raton, FL : CRC Press, [2020]
Subjects:
Online Access:Connect to the full text of this electronic book

MARC

Tag First Indicator Second Indicator Subfields
LEADER 00000cam a2200000 i 4500
001 in00004131113
006 m o d
007 cr cnu---unuuu
008 190702s2020 flua ob 001 0 eng
005 20260612161934.4
010 |a  2019028528 
020 |a 9780429279157  |q electronic book 
020 |a 0429279159  |q electronic book 
020 |a 9781000705560  |q electronic book 
020 |a 1000705560  |q electronic book 
020 |a 9781000706543  |q electronic book  |q EPUB 
020 |a 1000706540  |q electronic book  |q EPUB 
020 |z 9780367232900  |q hardcover 
024 8 |a 99983005394 
035 |a (DLC)ybp300932024 
037 |a 9780429279157  |b Taylor & Francis 
040 |a NhCcYBP  |c NhCcYBP  |d UtOrBLW 
042 |a pcc 
050 4 |a TA684  |b .C434 2020 
072 7 |a TEC  |x 009020  |2 bisacsh 
072 7 |a TEC  |x 009070  |2 bisacsh 
072 7 |a TEC  |x 063000  |2 bisacsh 
072 7 |a TN  |2 bicssc 
082 0 0 |a 624.1/821  |2 23 
100 1 |a Chandrasekaran, Srinivasan,  |e author.  |0 http://id.loc.gov/authorities/names/n2009030948 
245 1 0 |a Advanced steel design of structures /  |c Srinivasan Chandrasekaran. 
264 1 |a Boca Raton, FL :  |b CRC Press,  |c [2020] 
300 |a 1 online resource. 
336 |a text  |b txt  |2 rdacontent 
337 |a computer  |b c  |2 rdamedia 
338 |a online resource  |b cr  |2 rdacarrier 
504 |a Includes bibliographical references and index. 
545 0 |a Srinivasan Chandrasekaran is currently a Professor in the Dept. of Ocean Engineering, Indian Institute of Technology Madras, India. He has teaching, research and industrial experience of about 27 years during which he has supervised many sponsored research projects and offshore consultancy assignments both in India and abroad. His active areas of research include dynamic analysis and design of offshore platforms, Development of geometric forms of complaint offshore structures for ultra-deep water oil exploration and production, sub-sea engineering, Rehabilitation and retrofitting of offshore platforms, structural health monitoring of ocean structures, seismic analysis and design of structures and risk analyses and reliability studies of offshore and petroleum engineering plants. He has been also a visiting fellow under the invitation of Ministry of Italian University Research to University of Naples Federico II, Italy for a period of two years during which he conducted research on advanced nonlinear modelling and analysis of structures under different environmental loads with experimental verifications. He has about 110 research publications in International journals and refereed conferences organized by professional societies around the world. Fourteen text books authored by him are quite popular amongst graduate students of civil and ocean engineering and recommended as reference material for class room studies and research as well. He also delivered fifteen web-based courses on various subjects namely: i) Dynamic analysis of ocean structures; ii) Ocean structures and materials; iii) Advanced marine structures; iv) Health, safety & Management in offshore and petroleum engineering etc. He is a member of many National and International professional bodies and delivered many invited lectures and key note address in the international conferences, workshops and seminars in India and abroad. 
588 |a Description based on online resource; title from digital title page (viewed on December 03, 2019). 
500 |a Electronic resource. 
650 0 |a Building, Iron and steel.  |0 http://id.loc.gov/authorities/subjects/sh85017713 
650 0 |a Steel, Structural  |x Design and construction. 
650 0 |a Structural design.  |0 http://id.loc.gov/authorities/subjects/sh85129194 
655 7 |a Electronic books.  |2 local 
710 2 |a EBSCOhost. 
776 1 8 |i Print version:  |a Chandrasekaran, Srinivasan.  |t Advanced steel design of structures  |d Boca Raton : CRC Press, [2020]  |z 9780367232900  |w (DLC) 2019028527 
856 4 0 |u http://proxy.library.tamu.edu/login?url=https://search.ebscohost.com/login.aspx?direct=true&scope=site&db=nlebk&db=nlabk&AN=2286949  |z Connect to the full text of this electronic book  |t 0 
955 |a YBP purchased EBSCO DDA e-records 
999 f f |s cbaf1c19-23ad-3bb9-bbae-8dc549726887  |i 05cf4bfa-03d7-366f-a7e3-fd1169bcdea3  |t 0 
952 f f |a Texas A&M University  |b College Station  |c Electronic Resources  |s www_evans  |d Available Online  |t 0  |e TA684 .C434 2020  |h Library of Congress classification 
998 f f |a TA684 .C434 2020  |t 0  |l Available Online